header

The Israeli-Egyptian peace process in the reporting of western journalists (Record no. 25043)

MARC details
000 -LEADER
fixed length control field 01671nam a22004094a 4500
082 04 - DEWEY DECIMAL CLASSIFICATION NUMBER
Classification number 956
100 1# - MAIN ENTRY--AUTHOR NAME
Personal name El-Nawawy, Mohammed,
245 14 - TITLE STATEMENT
Title The Israeli-Egyptian peace process in the reporting of western journalists
260 ## - PUBLICATION, DISTRIBUTION, ETC. (IMPRINT)
Place of publication Westport, Conn. :
Name of publisher Ablex,
Year of publication 2002.
300 ## - PHYSICAL DESCRIPTION
Number of Pages xvi, 214 p.
490 1# - SERIES STATEMENT
Series statement Civic discourse for the third millennium
650 #0 - SUBJECT ADDED ENTRY--TOPICAL TERM
Topical Term Arab-Israeli conflict
Topical Term Arab-Israeli conflict
Topical Term Foreign correspondents
Topical Term Foreign correspondents
Topical Term Government and the press
Topical Term Government and the press
Topical Term Mass media
856 40 - ELECTRONIC LOCATION AND ACCESS
Uniform Resource Identifier http://site.ebrary.com/lib/rucke/Doc?id=10021430

No items available.

© 2026 Rongo University
Contact us: librarian | system librarian | Rongo university